[Event "Barcelona Sant Marti op-B 23rd"]
[Site "Barcelona"]
[Date "2023.07.16"]
[Round "4"]
[White "Cuthbert, Larissa"]
[Black "Garcia Miralles, Eduard"]
[Result "1-0"]
[WhiteElo "1392"]
[BlackElo "1684"]
[PlyCount "81"]
[EventDate "2023.07.13"]
[EventType "swiss"]
[EventRounds "9"]
[EventCountry "ESP"]
[SourceTitle "CBM 215 Extra"]
[Source "ChessBase"]
[SourceDate "2023.09.30"]
[SourceVersion "1"]
[SourceVersionDate "2023.09.30"]
[SourceQuality "1"]

1. d4 d5 2. c4 dxc4 3. e4 Nf6 4. e5 Nd5 5. Bxc4 Nb6 6. Bb3 Nc6 7. Nf3 Bg4 8. Be3 e6 9. 0-0 Be7 10. Nc3 0-0 11. h3 Bh5 12. Ne2 Bxf3 13. gxf3 Nd5 14. Bd2 f6 15. f4 fxe5 16. dxe5 Bc5 17. Bc2 Qh4 18. Kg2 Nce7 19. Rc1 Bb6 20. Be4 Rad8 21. b4 Kh8 22. Qb3 g5 23. Qg3 Qxg3+ 24. fxg3 gxf4 25. Nxf4 Nxf4+ 26. Bxf4 Rd4 27. Bxb7 Rxb4 28. Rb1 Rd4 29. Ba6 Ra4 30. Bd3 Rxa2+ 31. Kh1 Ra4 32. Bh6 Rd8 33. Rf7 Ng6 34. Rbf1 Kg8 35. h4 Rad4 36. Rg7+ Kh8 37. Rff7 Rxd3 38. Rxh7+ Kg8 39. Rfg7+ Kf8 40. Rxg6+ Ke8 41. Rg8# 1-0

[Event "Barcelona Segura Memorial 1st"]
[Site "Barcelona"]
[Date "2021.11.03"]
[Round "6"]
[White "Garcia Miralles, Eduard"]
[Black "Palomeras Ustrell, Eduard"]
[Result "0-1"]
[WhiteElo "1585"]
[BlackElo "1757"]
[PlyCount "54"]
[EventDate "2021.09.29"]
[EventType "swiss"]
[EventRounds "9"]
[EventCountry "ESP"]
[SourceTitle "EXT 2023"]
[Source "ChessBase"]
[SourceDate "2022.10.05"]
[SourceVersion "1"]
[SourceVersionDate "2022.10.05"]
[SourceQuality "1"]

1. e4 e5 2. Nf3 Nc6 3. Bc4 Bc5 4. 0-0 d6 5. h3 Nf6 6. Nc3 a6 7. a3 0-0 8. d3 h6 9. Be3 Bxe3 10. fxe3 Qe7 11. Qe1 Be6 12. Nd5 Bxd5 13. Bxd5 Nxd5 14. exd5 Nd8 15. Nh4 Kh7 16. Nf5 Qg5 17. e4 g6 18. Ne3 h5 19. b4 Rc8 20. a4 c6 21. dxc6 Nxc6 22. b5 Nd4 23. bxa6 bxa6 24. c3 Rxc3 25. h4 Qd8 26. Qd2 Qxh4 27. Nd5 Rc2 0-1

[Event "Barcelona Sant Marti op-B 21st"]
[Site "Barcelona"]
[Date "2019.07.18"]
[Round "6"]
[White "Garcia Miralles, Eduard"]
[Black "Orts Gonzalez, Rafael"]
[Result "1-0"]
[WhiteElo "1543"]
[BlackElo "1024"]
[PlyCount "61"]
[EventDate "2019.07.13"]
[EventType "swiss"]
[EventRounds "9"]
[EventCountry "ESP"]
[SourceTitle "EXT 2020"]
[Source "ChessBase"]
[SourceDate "2019.10.17"]
[SourceVersion "1"]
[SourceVersionDate "2019.10.17"]
[SourceQuality "1"]

1. e4 g6 2. d4 Bg7 3. Nf3 e6 4. Nc3 Ne7 5. Bf4 a6 6. Qd2 d6 7. Bd3 0-0 8. Bh6 Nd7 9. h4 c5 10. h5 b5 11. hxg6 Nxg6 12. 0-0-0 c4 13. Bxg7 Kxg7 14. Qh6+ Kf6 15. e5+ dxe5 16. dxe5+ Ke7 17. Bxg6 hxg6 18. Qg5+ Ke8 19. Qh6 Qe7 20. Ne4 Bb7 21. Nd6+ Kd8 22. Nxb7+ Kc7 23. Nd6 Rh8 24. Qd2 Rxh1 25. Qa5+ Nb6 26. Rxh1 Qd8 27. Nd4 f6 28. Rh7+ Qd7 29. Rxd7+ Kxd7 30. Qxb6 Rh8 31. Qb7+ 1-0

[Event "Barcelona 150 aniversity 2"]
[Site "Barcelona"]
[Date "2019.04.26"]
[Round "1.4"]
[White "Garcia Miralles, Eduard"]
[Black "Jimenez Sanchez, Joan R"]
[Result "1-0"]
[WhiteElo "1543"]
[BlackElo "1688"]
[PlyCount "72"]
[EventDate "2019.04.26"]
[EventType "swiss"]
[EventRounds "9"]
[EventCountry "ESP"]
[SourceTitle "EXT 2024"]
[Source "ChessBase"]
[SourceDate "2023.10.10"]
[SourceVersion "1"]
[SourceVersionDate "2023.10.10"]
[SourceQuality "1"]

1. d4 Nf6 2. Bf4 g6 3. e3 Bg7 4. Nf3 d6 5. c4 Nbd7 6. Nc3 0-0 7. Bd3 c6 8. 0-0 Nh5 9. Bg5 Re8 10. Rc1 Qa5 11. a3 e5 12. d5 Qb6 13. Qc2 Nc5 14. Be2 f5 15. b4 Nd7 16. e4 f4 17. g3 fxg3 18. Be3 gxh2+ 19. Nxh2 Qd8 20. Bxh5 gxh5 21. Qd2 Qf6 22. Ne2 Qg6+ 23. Kh1 Qxe4+ 24. f3 Qf5 25. Ng3 Qf7 26. dxc6 Nf6 27. Qxd6 bxc6 28. Rg1 Re6 29. Qd2 Re7 30. Bh6 Ne8 31. Qg5 Kh8 32. Nxh5 Bxh6 33. Qxh6 Be6 34. Rc2 Bf5 35. Rf2 Bg6 36. Rxg6 Nf6 1-0